Born in Kansas Quiz Stats

 Plays Quiz Updated Jul 28, 2017

Support Sporcle.
Go Orange.
Score 0/20 Timer 04:00
0 Plays Today
Hint Answer % Correct
ActorKirstie Alley
75.1%
AviatorAmelia Earhart
74.6%
PoliticianBob Dole
67.5%
ActorCassandra Peterson
52.3%
MusicianMelissa Etheridge
42.5%
ActorDennis Hopper
42.4%
ActorBuster Keaton
42.2%
ActorAnnette Bening
40.2%
ActorHattie McDaniel
28%
MusicianJanelle Monáe
27.5%
Hint Answer % Correct
ActorVivian Vance
27.5%
AthleteBarry Sanders
26.6%
ActorEric Stonestreet
24.9%
MusicianMartina McBride
20.4%
AthleteGale Sayers
11.1%
MusicianCharlie Parker
9.5%
ActorColton Haynes
5.6%
AthleteVictor Ortiz
3.7%
WriterGwendolyn Brooks
2.8%
AthleteGene Mauch
2.6%

You're not logged in!

Compare scores with friends on all Sporcle quizzes.
OR
Log In
Forgot?

From the Vault

Cartoons in the Kitchen

by strokes_static

This could be a new series where Gordon Ramsay shouts at animated characters.
Remove Ads.
Support Sporcle.
Get the best of Sporcle when you Go Orange. This ad-free experience offers more features, more stats, and more fun while also helping to support Sporcle. Thank you for becoming a member.

Show Comments

Extras

Top Quizzes Today


Score Distribution

Your Account Isn't Verified!

In order to create a playlist on Sporcle, you need to verify the email address you used during registration. Go to your Sporcle Settings to finish the process.

Report this User

Report this user for behavior that violates our Community Guidelines.

Details: